000
00328nam a2200133Ia 4500
008
240624s9999 xx 000 0 und d
041
_a
eng
082
_a
332.101 FRE
100
_a
FREEDMAN ROY S
245
_a
INTRODUCTION TO FINANCIAL TECHNOLOGY
260
_c
2006
_a
Amsterdam
_b
Elsevier
300
_a
368 : p.
365
_c
_b
28
999
_c
15329
_d
15329